| 000 | 00718nam a2200193 a 4500 | ||
|---|---|---|---|
| 001 | 000036594 | ||
| 005 | 20200930075822.0 | ||
| 008 | 120123s1987 xxu 000 0 spa d | ||
| 020 | _a0911312072 | ||
| 040 |
_aDO-SdBNP _bspa _cBNPHU |
||
| 100 | 1 |
_aGeorge, Henry _962868 |
|
| 240 | 1 | 0 |
_aProgress and poverty _lEspañol |
| 245 | 1 | 0 |
_aProgreso y miseria : _bIndagación acerca de la causa de las crisis económicas y del aumento de la pobreza con el aumento de la riqueza. El remedio / _cHenry George. |
| 250 | _a3a ed. | ||
| 260 |
_aNew Jersey : _bRobert Schalkenbach Foundation, _c1987. |
||
| 300 |
_a590 p. ; _c21 cm. |
||
| 500 | _aTraducido del idioma inglés | ||
| 700 | 1 |
_aArgente del Castillo, Baldomero _etr. _962869 |
|
| 999 |
_c36085 _d36085 |
||